Algebra y trigonometría con geometría analítica

Salvato in:
Dettagli Bibliografici
Autore principale: Leithold, Louis (Autore)
Natura: Libro
Lingua:spagnolo
Pubblicazione: Ciudad de México Oxford University 1994
Edizione:1a. ed
Soggetti:
Tags: Aggiungi Tag
Nessun Tag, puoi essere il primo ad aggiungerne!!

MARC

LEADER 00000cam a2200000 a 4500
001 UCO4456
003 CL-VaPUC
008 000804e19940000MX |||||||||||||||||spa|d
020 |a 9706130551 
082 0 4 |a 512  |b LEI  |2 21 
100 |a Leithold, Louis  |e author  |9 520945 
245 1 0 |a Algebra y trigonometría con geometría analítica 
250 |a 1a. ed 
300 |a 899 p 
942 |c BK 
945 |d 20000804 00:00:00  |a vberengu 
260 |a Ciudad de México  |b Oxford University  |c 1994 
650 0 |a Álgebra  |9 259567 
650 0 |a Funciones (Matemáticas)  |9 338128 
650 0 |a Geometría analítica   |9 260062 
650 7 |a TRIGINOMETRIA  |2 CL-VaPUC  |9 448986 
583 |a last modification  |c 20160404 12:48:34  |k Rodrigo Vera 
999 |c 290497  |d 290495 
952 |0 0  |1 0  |4 0  |6 512_000000000000000_LEI_1994  |7 0  |8 A  |9 339963  |a BIBMAT  |b BIBMAT  |d 2019-11-20  |i 363972K  |o 512 LEI 1994  |p 363972K  |r 2025-01-07  |w 2019-11-20  |y BK  |k MAT 
952 |0 0  |1 0  |4 0  |6 512_000000000000000_LEI_1994  |7 0  |8 A  |9 339964  |a BIBMAT  |b BIBMAT  |d 2019-11-20  |i 3973913  |o 512 LEI 1994  |p 3973913  |r 2025-01-07  |w 2019-11-20  |y BK  |k MAT 
952 |0 0  |1 0  |3 erb  |4 0  |6 512_000000000000000_LEI_1994  |7 0  |8 A  |9 339966  |a BIBMAT  |b BIBMAT  |i 5280125  |o 512 LEI 1994  |p 5280125  |r 2025-01-07  |w 2019-11-20  |y BK  |z Catalogado en:20160407  |k MAT 
952 |0 0  |1 0  |3 erb  |4 0  |6 512_000000000000000_LEI_1994  |7 0  |8 A  |9 339967  |a BIBMAT  |b BIBMAT  |i 5280133  |l 1  |o 512 LEI 1994  |p 5280133  |r 2025-01-07  |s 2020-03-03  |w 2019-11-20  |y BK  |z Catalogado en:20160407  |k MAT 
952 |0 0  |1 0  |3 erb  |4 0  |6 512_000000000000000_LEI_1994  |7 0  |8 A  |9 339968  |a BIBMAT  |b BIBMAT  |i 5284708  |o 512 LEI 1994  |p 5284708  |r 2025-01-07  |w 2019-11-20  |y BK  |z Catalogado en:20160428  |k MAT 
952 |0 0  |1 0  |3 erb  |4 0  |6 512_000000000000000_LEI_1994  |7 0  |8 A  |9 339970  |a BIBMAT  |b BIBMAT  |i 5284724  |o 512 LEI 1994  |p 5284724  |r 2025-01-07  |w 2019-11-20  |y BK  |z Catalogado en:20160428  |k MAT